| 000 | 00721nam a22002657a 4500 | ||
|---|---|---|---|
| 003 | 0 | ||
| 005 | 20180804113409.0 | ||
| 008 | 0 | ||
| 010 | _aB-168527 | ||
| 020 |
_a9781591580652 _c750.00 |
||
| 035 | _aB-168527, B-168528 | ||
| 037 | _bCen Lib/Ret | ||
| 040 |
_aDPL _bEN _c0 |
||
| 082 |
_a025.32 _bRHY |
||
| 100 |
_aRhyno, Art _92845 |
||
| 245 |
_aUsing open source systems for digital libraries / _cby Art Rhyno |
||
| 246 | _b | ||
| 260 |
_bLibraries Unlimited _c2005 _aLondon |
||
| 270 | _bLondon | ||
| 300 |
_axvi,160p. _c21cm(pbk) |
||
| 500 | _aIncludes index | ||
| 650 |
_aDigital libraries _9218 |
||
| 650 |
_aLibrary software systems _9107169 |
||
| 942 |
_2ddc _cEN _h025.00285 _mRHY |
||
| 999 |
_c122877 _d122877 |
||